Представление документа в формате RUSMARC

ПолеНазваниеЗначение
  Тип записи a
  Библиографический уровень m
001 Контрольный номер 58bf3e89c41a4808960221bf365fe40f
005 Дата корректировки 20260625093022.9
010 Индекс ISBN __
a ISBN 978-5-0063-0610-3
9 Тираж 10000 экз.
d Цена 625-78
100 Данные общей обработки __
a Данные общей обработки 20260610d2026 m y0rusy028902 ca
101 Язык документа 0_
a Язык текста rus
102 Страна публикации __
a Страна публикации RU
105 Кодированные данные (монография) __
a Кодированные данные (монография) y z 000yy
181 Поле кодированных данных: вид содержания _0
a Код вида содержания (ISBD) i
182 Поле кодированных данных: тип средства _0
a Код типа средства (ISBD) n
200 Заглавие и сведения об ответственности 1_
a Заглавие Нейросети могут все
e Сведения, относящиеся к заглавию 254 универсальных промта для счастливой, здоровой и яркой жизни
f Первые сведения об ответственности Дамир Халилов
203 Вид содержания и тип средства __
a Вид содержания Текст
c Тип средства непосредственный
210 Выходные данные 1_
a Место издания Москва
c Издательство Альпина Паблишер
d Дата издания 2026
215 Физическое описание __
a Объем 389, [1] с.
c Иллюстрации/тип воспроизводства табл.
d Формат 21 см
300 Общие примечания __
a Общие примечания В книге упоминаются соцсети Meta Platforms Inc - Facebook и/или Instagram, деятельность которых запрещена на территории РФ
300 Общие примечания __
a Общие примечания Содержит ссылки по QR-кодам на дополнительные материалы
330 Аннотация __
a Аннотация Представьте, что у вас появился личный ассистент, который работает 24/7, никогда не устает и готов помочь в любой ситуации — от планирования ужина до запуска собственного блога, от изучения английского до решения карьерных вопросов. Этот помощник уже есть у каждого из нас — нейросети. Но почему одни получают от них потрясающие результаты, а другие — лишь шаблонные ответы? Секрет в правильно составленных промтах — запросах, которые превращают искусственный интеллект в вашего идеального помощника. В этой книге собраны 254 готовых промта для всех сфер жизни: здоровье, карьера, творчество, отношения, саморазвитие и десятки других направлений. Дамир Халилов делится проверенными техниками промт-инжиниринга — искусства формулировать запросы так, чтобы получать индивидуальные решения, словно созданные персональным консультантом. Забудьте о месяцах изучения новых навыков — с правильным промтом вы начнете действовать уже через минуту. Эта книга — не восторженный манифест о технологиях будущего, а практическое руководство, которое вернет вам время, силы и контроль над собственной жизнью. Откройте для себя мир, где между вами и любой целью стоит всего один правильный промт.
333 Примечание о целевом назначении __
a Примечание о целевом назначении 12+. Для детей старше 12 лет
517 Другие варианты заглавия 1_
a Другие варианты заглавия Нейросети могут всё
532 Расширенное заглавие 10
a Расширенное заглавие Двести пятьдесят четыре универсальных промта для счастливой, здоровой и яркой жизни
540 Дополнительное заглавие, сделанное каталогизатором 10
a Дополнительное заглавие, сделанное каталогизатором 254 универсальных промта для счастливой, здоровой и яркой жизни
606 Тематические рубрики __
2 Код системы nlr_sh
a Основная рубрика Радиоэлектроника
606 Тематические рубрики __
2 Код системы nlr_sh
a Основная рубрика Кибернетические модели
610 Ключевые слова 0_
a Ключевые слова нейросети
610 Ключевые слова 0_
a Ключевые слова ИИ
610 Ключевые слова 0_
a Ключевые слова искусственный интеллект
610 Ключевые слова 0_
a Ключевые слова AI
610 Ключевые слова 0_
a Ключевые слова artificial intelligence
610 Ключевые слова 0_
a Ключевые слова промт-инжиниринг
610 Ключевые слова 0_
a Ключевые слова промты для ИИ
610 Ключевые слова 0_
a Ключевые слова искусственный интеллект в быту
686 Индексы других классификаций __
2 Код системы rubbks
a Классификационный индекс 32.816
700 Автор _1
a Фамилия Халилов
b Имя Д. Н.
f Даты 1982-
g Полное личное имя Дамир Нариманович
4 Код отношения 070
801 Источник записи _0
a Страна RU
b Организация Муниципальное бюджетное учреждение культуры "Централизованная библиотечная система" г. Сургут (Центральная городская библиотека им. А. С. Пушкина)
c Дата составления 20260610
g Правила каталогизации PSBO
801 Источник записи _1
a Страна RU
b Организация Муниципальное бюджетное учреждение культуры "Централизованная библиотечная система" г. Сургут (Центральная городская библиотека им. А. С. Пушкина)
c Дата составления 20260610
g Правила каталогизации PSBO
852 Данные о местонахождении __
i Авторский знак Х 17
j Шифр хранения 32.816
900 Макрообъекты __
a Макрообъекты Нейросети могут все. Халилов, Д. Н., 2026
901 Тип документа __
a Ответственный КиК/Обаева
t Тип документа m
901 Тип документа __
a Ответственный 7 партия
903 Характеристики (МАРС) __
a Дата передачи 20260610
c Наименование библиотеки (МАРС) Муниципальное бюджетное учреждение культуры "Централизованная библиотечная система" г. Сургут (Центральная городская библиотека им. А. С. Пушкина)
969 Тип издания __
a Тип издания Ф 26
a Тип издания популярное издание
990 Данные о заказе (DOS) __
j Количество экземпляров (DOS) 2
t N записи в КСУ для И/У (DOS) 202607